[Event "blitzwomeanteam"]
[Site "?"]
[Date "2016.10.07"]
[Round "1.9"]
[White "Ruchieva, Natalia"]
[Black "Bodnaruk, Anastasia"]
[Result "0-1"]
[LiveChessVersion "1.4.4"]
[BlackElo "2386"]
[WhiteElo "2194"]

1. e4 {[%clk 0:03:03]} d6 {[%clk 0:03:03]} 2. d4 {[%clk 0:03:03]} g6
{[%clk 0:03:05]} 3. Nc3 {[%clk 0:03:04]} Bg7 {[%clk 0:03:06]} 4. Nf3
{[%clk 0:03:03]} Nf6 {[%clk 0:03:07]} 5. h3 {[%clk 0:03:03]} O-O {[%clk 0:03:08]}
6. Bc4 {[%clk 0:03:02]} c6 {[%clk 0:02:50]} 7. a4 {[%clk 0:03:02]} d5
{[%clk 0:02:49]} 8. exd5 {[%clk 0:02:56]} cxd5 {[%clk 0:02:48]} 9. Be2
{[%clk 0:02:52]} Nc6 {[%clk 0:02:47]} 10. O-O {[%clk 0:02:51]} Ne4
{[%clk 0:02:44]} 11. Be3 {[%clk 0:02:39]} Bf5 {[%clk 0:02:29]} 12. Bd3
{[%clk 0:02:26]} Rc8 {[%clk 0:02:14]} 13. Ra3 {[%clk 0:02:09]} Nb4
{[%clk 0:01:52]} 14. Bxe4 {[%clk 0:02:02]} dxe4 {[%clk 0:01:46]} 15. Nh4
{[%clk 0:01:57]} Be6 {[%clk 0:01:20]} 16. Nxe4 {[%clk 0:01:32]} Nxc2
{[%clk 0:01:16]} 17. Rc3 {[%clk 0:01:32]} Nxe3 {[%clk 0:00:56]} 18. fxe3
{[%clk 0:01:29]} Bc4 {[%clk 0:00:55]} 19. Rf2 {[%clk 0:01:22]} Bd5
{[%clk 0:00:35]} 20. Nc5 {[%clk 0:01:08]} b6 21. Nd3 {[%clk 0:01:07]} Rxc3
{[%clk 0:00:34]} 22. bxc3 {[%clk 0:01:07]} e5 {[%clk 0:00:35]} 23. Qg4
{[%clk 0:00:34]} f5 {[%clk 0:00:29]} 24. Qg3 {[%clk 0:00:34]} f4 {[%clk 0:00:21]}
25. exf4 {[%clk 0:00:30]} exd4 {[%clk 0:00:23]} 26. Ne5 {[%clk 0:00:17]} dxc3
{[%clk 0:00:21]} 27. Rc2 {[%clk 0:00:15]} Be4 {[%clk 8:00:17]} 28. Rxc3
{[%clk 0:00:14]} Qd1+ {[%clk 0:00:12]} 29. Kh2 {[%clk 0:00:14]} Qxa4
{[%clk 0:00:11]} 30. Rc4 {[%clk 0:00:15]} Qd1 {[%clk 0:00:08]} 31. Rxe4
{[%clk 0:00:15]} Qd5 {[%clk 0:00:09]} 32. Re1 {[%clk 0:00:16]} a5
{[%clk 0:00:09]} 33. Qe3 {[%clk 0:00:15]} a4 {[%clk 0:00:08]} 34. Nhf3
{[%clk 0:00:16]} b5 {[%clk 0:00:09]} 35. Qd4 {[%clk 0:00:15]} Qb3
{[%clk 0:00:07]} 36. Qd1 {[%clk 0:00:13]} Qb4 {[%clk 0:00:07]} 37. Qb1
{[%clk 0:00:13]} Qxf4+ {[%clk 0:00:08]} 38. Kh1 {[%clk 0:00:14]} Bxe5
{[%clk 0:00:05]} 39. Rxe5 {[%clk 0:00:12]} b4 {[%clk 0:00:06]} 40. Qa2+
{[%clk 0:00:11]} b3 {[%clk 0:00:07]} 41. Qb2 {[%clk 0:00:09]} Qb4
{[%clk 0:00:08]} 42. Rd5 {[%clk 0:00:08]} a3 {[%clk 0:00:08]} 43. Qe5
{[%clk 0:00:08]} Qb6 {[%clk 0:00:09]} 44. Rd7 {[%clk 0:00:07]} Qf6
{[%clk 0:00:10]} 45. Qd5+ {[%clk 0:00:07]} Kh8 {[%clk 0:00:11]} 46. Qxb3
{[%clk 0:00:08]} Ra8 {[%clk 0:00:12]} 47. Qa2 {[%clk 0:00:08]} Qb2
{[%clk 0:00:13]} 48. Rd2 {[%clk 0:00:08]} Qc3 {[%clk 0:00:11]} 49. Rc2
{[%clk 0:00:08]} Qf6 {[%clk 0:00:07]} 50. Re2 {[%clk 0:00:08]} Qc3
{[%clk 0:00:08]} 51. Rc2 {[%clk 0:00:09]} Qf6 {[%clk 0:00:09]} 52. Re2
{[%clk 0:00:10]} h5 53. Re3 {[%clk 0:00:05]} Qd6 {[%clk 0:00:07]} 54. Qa1+
{[%clk 0:00:04]} Kg8 {[%clk 0:00:07]} 55. Ng5 {[%clk 0:00:03]} Qd5
{[%clk 0:00:05]} 56. Ne4 Qf5 57. Qd1 0-1

[Event "blitzwomeanteam"]
[Site "?"]
[Date "2016.10.07"]
[Round "1.10"]
[White "Ovod, Evgenija"]
[Black "Vasilevich, Tatjana"]
[Result "1-0"]
[LiveChessVersion "1.4.4"]
[BlackElo "2345"]
[WhiteElo "2195"]

1. d4 {[%clk 0:03:03]} Nf6 {[%clk 0:03:03]} 2. Bg5 {[%clk 0:03:04]} Ne4 3. Bf4 d5
{[%clk 0:03:03]} 4. e3 {[%clk 0:03:08]} e6 {[%clk 0:03:01]} 5. Bd3
{[%clk 0:03:08]} Be7 {[%clk 0:02:52]} 6. Nf3 {[%clk 0:03:05]} O-O
{[%clk 0:02:47]} 7. O-O {[%clk 0:03:04]} c5 {[%clk 0:02:47]} 8. c4
{[%clk 0:02:57]} Nc6 {[%clk 0:02:40]} 9. Nc3 {[%clk 0:02:35]} f5 {[%clk 0:02:17]}
10. Qe2 {[%clk 0:02:17]} Kh8 {[%clk 0:02:12]} 11. Rfd1 {[%clk 0:02:11]} cxd4
{[%clk 0:02:09]} 12. exd4 {[%clk 0:02:08]} Bf6 {[%clk 0:02:08]} 13. Qe3
{[%clk 0:01:41]} b6 {[%clk 0:01:52]} 14. Rac1 {[%clk 0:01:24]} Bb7
{[%clk 0:01:53]} 15. Bb1 {[%clk 0:01:14]} Rc8 {[%clk 0:01:50]} 16. Ne5
{[%clk 0:00:42]} Na5 {[%clk 0:01:50]} 17. cxd5 {[%clk 0:00:39]} exd5
{[%clk 0:01:49]} 18. f3 {[%clk 0:00:28]} Nxc3 {[%clk 0:01:36]} 19. bxc3
{[%clk 0:00:27]} g5 {[%clk 0:01:21]} 20. Bg3 {[%clk 0:00:20]} f4 {[%clk 0:01:20]}
21. Qd3 {[%clk 0:00:20]} Qc7 {[%clk 0:01:13]} 22. Bf2 {[%clk 0:00:19]} Nc4
{[%clk 0:01:10]} 23. Nxc4 {[%clk 0:00:18]} dxc4 {[%clk 0:01:09]} 24. Qc2
{[%clk 0:00:17]} Bd5 {[%clk 0:01:06]} 25. Re1 {[%clk 0:00:15]} Qd7
{[%clk 0:00:48]} 26. Re2 {[%clk 0:00:13]} Rf7 {[%clk 0:00:38]} 27. Rce1
{[%clk 0:00:13]} Rg7 {[%clk 0:00:40]} 28. Qf5 {[%clk 0:00:12]} Qxf5
{[%clk 0:00:33]} 29. Bxf5 {[%clk 0:00:13]} Rd8 {[%clk 0:00:31]} 30. h3
{[%clk 0:00:13]} Rgg8 {[%clk 0:00:28]} 31. Be6 {[%clk 0:00:13]} Rgf8
{[%clk 0:00:24]} 32. Bxd5 {[%clk 0:00:13]} Rxd5 {[%clk 0:00:25]} 33. Re6
{[%clk 0:00:14]} Kg7 {[%clk 0:00:22]} 34. Rc6 {[%clk 0:00:15]} b5
{[%clk 0:00:14]} 35. Ra6 {[%clk 0:00:15]} Rf7 {[%clk 0:00:15]} 36. Ree6
{[%clk 0:00:16]} b4 {[%clk 0:00:11]} 37. cxb4 {[%clk 0:00:16]} Bxd4
{[%clk 0:00:12]} 38. Bxd4+ {[%clk 0:00:18]} Rxd4 {[%clk 0:00:14]} 39. Rec6
{[%clk 0:00:19]} Re7 {[%clk 0:00:05]} 40. Rc5 {[%clk 0:00:19]} h6
{[%clk 0:00:04]} 41. Rcc6 {[%clk 0:00:20]} Rd1+ 42. Kh2 Rd2 43. Rg6+ Kf7 44.
Raf6+ Ke8 45. Rxh6 Ree2 1-0

[Event "blitzwomeanteam"]
[Site "?"]
[Date "2016.10.07"]
[Round "1.11"]
[White "Gritsayeva, Oksana"]
[Black "Travkina, Anastasia"]
[Result "1-0"]
[LiveChessVersion "1.4.4"]
[BlackElo "2168"]
[WhiteElo "2284"]

1. c4 c6 2. d4 {[%clk 0:03:03]} d5 {[%clk 0:03:06]} 3. cxd5 {[%clk 0:03:04]} cxd5
{[%clk 0:03:07]} 4. Nc3 {[%clk 0:03:05]} Nf6 {[%clk 0:03:08]} 5. Bf4
{[%clk 0:03:06]} Nc6 {[%clk 0:03:09]} 6. e3 {[%clk 0:03:07]} Bg4 {[%clk 0:03:04]}
7. Qb3 {[%clk 0:02:55]} Na5 {[%clk 0:03:03]} 8. Qa4+ {[%clk 0:02:56]} Bd7
{[%clk 0:03:03]} 9. Qd1 {[%clk 0:02:56]} Bg4 {[%clk 0:02:43]} 10. Nf3
{[%clk 0:02:49]} e6 {[%clk 0:02:42]} 11. Qa4+ {[%clk 0:02:47]} Nc6
{[%clk 0:02:42]} 12. Ne5 {[%clk 0:02:42]} Be7 {[%clk 0:02:16]} 13. Bb5
{[%clk 0:02:27]} O-O {[%clk 0:02:11]} 14. Bxc6 {[%clk 0:02:14]} bxc6
{[%clk 0:02:11]} 15. Nxc6 {[%clk 0:02:15]} Qd7 {[%clk 0:02:01]} 16. Nxe7+
{[%clk 0:02:14]} Qxe7 {[%clk 0:02:02]} 17. O-O {[%clk 0:02:12]} Bf5
{[%clk 0:01:58]} 18. Bg5 {[%clk 0:02:09]} Rfb8 {[%clk 0:01:50]} 19. b3
{[%clk 0:02:01]} h6 {[%clk 0:01:49]} 20. Bxf6 {[%clk 0:01:57]} Qxf6
{[%clk 0:01:50]} 21. Rac1 {[%clk 0:01:54]} Qg6 {[%clk 0:01:31]} 22. f3
{[%clk 0:01:30]} h5 {[%clk 0:01:27]} 23. Kf2 {[%clk 0:01:20]} h4 {[%clk 0:01:22]}
24. Rfe1 {[%clk 0:01:17]} a6 {[%clk 0:01:13]} 25. Ne2 {[%clk 0:01:15]} Qf6
{[%clk 0:01:08]} 26. Kg1 {[%clk 0:01:07]} h3 {[%clk 0:01:04]} 27. g3
{[%clk 0:01:01]} Bd3 {[%clk 0:01:01]} 28. Nf4 {[%clk 0:01:01]} Bb5
{[%clk 0:01:00]} 29. Qa5 {[%clk 0:00:58]} e5 {[%clk 0:00:55]} 30. dxe5
{[%clk 0:00:57]} Qxe5 {[%clk 0:00:56]} 31. Qd2 {[%clk 0:00:53]} Qf6
{[%clk 0:00:38]} 32. Kf2 {[%clk 0:00:52]} Rd8 {[%clk 0:00:38]} 33. Qd4
{[%clk 0:00:52]} Qe7 {[%clk 0:00:31]} 34. Rc5 {[%clk 0:00:50]} Rac8
{[%clk 0:00:28]} 35. Rec1 {[%clk 0:00:51]} Rxc5 {[%clk 0:00:26]} 36. Rxc5
{[%clk 0:00:52]} Qb7 {[%clk 0:00:12]} 37. Nh5 {[%clk 0:00:51]} f6
{[%clk 0:00:12]} 38. Qg4 {[%clk 0:00:49]} Qe7 {[%clk 0:00:11]} 39. Qd4
{[%clk 0:00:46]} Qb7 {[%clk 0:00:06]} 40. Nf4 {[%clk 0:00:47]} Rc8
{[%clk 0:00:05]} 41. Qxd5+ {[%clk 0:00:42]} Qxd5 {[%clk 0:00:04]} 42. Rxc8+
{[%clk 0:00:42]} 1-0

[Event "blitzwomeanteam"]
[Site "?"]
[Date "2016.10.07"]
[Round "1.12"]
[White "Maltsevskaya, Aleksandra"]
[Black "Potapova, Margarita"]
[Result "1/2-1/2"]
[LiveChessVersion "1.4.4"]
[BlackElo "1965"]
[WhiteElo "2046"]

1. e4 {[%clk 0:03:03]} c5 {[%clk 0:03:03]} 2. Nf3 {[%clk 0:03:04]} d6
{[%clk 0:03:03]} 3. d4 {[%clk 0:03:04]} cxd4 {[%clk 0:03:04]} 4. Nxd4 Nf6 5. Nc3
{[%clk 0:03:06]} a6 {[%clk 0:03:06]} 6. h3 {[%clk 0:03:03]} e5 {[%clk 0:03:03]}
7. Nde2 {[%clk 0:03:02]} h5 {[%clk 0:03:00]} 8. Bg5 {[%clk 0:02:57]} Be6
{[%clk 0:02:55]} 9. g3 {[%clk 0:02:58]} Be7 {[%clk 0:02:53]} 10. Bg2
{[%clk 0:03:00]} Nbd7 {[%clk 0:02:53]} 11. a4 {[%clk 0:02:35]} Rc8
{[%clk 0:02:40]} 12. Qd2 {[%clk 0:02:21]} O-O {[%clk 0:02:01]} 13. Rd1
{[%clk 0:02:08]} Nb6 {[%clk 0:01:53]} 14. b3 {[%clk 0:02:04]} Qc7
{[%clk 0:01:18]} 15. Bxf6 {[%clk 0:01:58]} Bxf6 {[%clk 0:01:18]} 16. Qxd6
{[%clk 0:01:37]} Be7 {[%clk 0:01:05]} 17. Qxc7 {[%clk 0:01:33]} Rxc7
{[%clk 0:01:06]} 18. O-O {[%clk 0:01:04]} Rfc8 {[%clk 0:00:56]} 19. a5
{[%clk 0:00:55]} Nd7 {[%clk 0:00:48]} 20. Nd5 {[%clk 0:00:37]} Bxd5
{[%clk 0:00:45]} 21. Rxd5 {[%clk 0:00:38]} Nf6 {[%clk 0:00:31]} 22. Rxe5
{[%clk 0:00:40]} Bd6 23. Rf5 Rxc2 {[%clk 0:00:23]} 24. Nf4 {[%clk 0:00:42]} Bxf4
{[%clk 0:00:17]} 25. gxf4 {[%clk 0:00:43]} R2c3 {[%clk 0:00:12]} 26. e5
{[%clk 0:00:43]} Nd7 {[%clk 0:00:11]} 27. Rxh5 {[%clk 0:00:43]} Rxb3
{[%clk 0:00:11]} 28. Rd1 {[%clk 0:00:44]} Nc5 {[%clk 0:00:11]} 29. f5
{[%clk 0:00:42]} Rd3 {[%clk 0:00:10]} 30. Rc1 {[%clk 0:00:42]} Ra3
{[%clk 0:00:09]} 31. Bxb7 {[%clk 0:00:42]} Rc7 {[%clk 0:00:10]} 32. Bxa6
{[%clk 0:00:41]} Nxa6 {[%clk 0:00:11]} 33. Rb1 {[%clk 0:00:41]} Rxa5
{[%clk 0:00:12]} 34. Rb6 {[%clk 0:00:40]} Ra1+ {[%clk 0:00:12]} 35. Kg2
{[%clk 0:00:42]} Ra2 {[%clk 0:00:12]} 36. Rd6 {[%clk 0:00:40]} Rc8
{[%clk 0:00:11]} 37. Rd7 {[%clk 0:00:40]} Nc5 {[%clk 0:00:12]} 38. Re7
{[%clk 0:00:40]} Ne4 {[%clk 0:00:13]} 39. Kf3 {[%clk 0:00:40]} Nd2+
{[%clk 0:00:12]} 40. Kg2 {[%clk 0:00:40]} Ne4 {[%clk 0:00:13]} 41. Kf3
{[%clk 0:00:41]} Nd2+ {[%clk 0:00:12]} 42. Kg2 {[%clk 0:00:43]} Ne4
{[%clk 0:00:13]} 43. Kf3 {[%clk 0:00:44]} Nd2+ {[%clk 0:00:14]} 44. Kg2
{[%clk 0:00:45]} Ne4 {[%clk 0:00:16]} 45. Kf3 {[%clk 0:00:46]} Nd2+
{[%clk 0:00:17]} 46. Kg2 {[%clk 0:00:47]} Ne4 {[%clk 0:00:19]} 47. Kf3
{[%clk 0:00:46]} Nd2+ {[%clk 0:00:15]} 48. Kg2 {[%clk 0:00:47]} 1/2-1/2

[Event "blitzwomeanteam"]
[Site "?"]
[Date "2016.10.07"]
[Round "2.1"]
[White "Galliamova, Alisa"]
[Black "Pogonina, Natalija"]
[Result "1-0"]
[LiveChessVersion "1.4.4"]
[BlackElo "2402"]
[WhiteElo "2403"]

1. d4 {[%clk 0:03:03]} Nf6 {[%clk 0:03:02]} 2. Nf3 {[%clk 0:03:05]} d5
{[%clk 0:03:03]} 3. c4 {[%clk 0:03:06]} e6 {[%clk 0:03:03]} 4. Nc3
{[%clk 0:03:05]} Nbd7 {[%clk 0:03:04]} 5. cxd5 {[%clk 0:02:59]} exd5
{[%clk 0:03:05]} 6. Bg5 {[%clk 0:02:59]} Be7 {[%clk 0:03:05]} 7. e3
{[%clk 0:02:58]} c6 {[%clk 0:03:06]} 8. Bd3 {[%clk 0:02:55]} Nh5 {[%clk 0:03:02]}
9. Bxe7 {[%clk 0:02:46]} Qxe7 {[%clk 0:03:03]} 10. O-O {[%clk 0:02:41]} O-O
{[%clk 0:02:59]} 11. Ne5 {[%clk 0:02:25]} g6 {[%clk 0:02:41]} 12. f4
{[%clk 0:02:10]} Ng7 {[%clk 0:02:40]} 13. Qf3 {[%clk 0:02:08]} f6
{[%clk 0:02:06]} 14. Ng4 {[%clk 0:01:47]} f5 {[%clk 0:02:06]} 15. Ne5
{[%clk 0:01:40]} Nxe5 {[%clk 0:02:06]} 16. fxe5 {[%clk 0:01:37]} Be6
{[%clk 0:02:06]} 17. Ne2 {[%clk 0:01:38]} g5 {[%clk 0:02:02]} 18. Kh1
{[%clk 0:01:29]} Kh8 {[%clk 0:01:55]} 19. Qh3 {[%clk 0:01:26]} Rf7
{[%clk 0:01:21]} 20. g4 {[%clk 0:01:11]} Raf8 {[%clk 0:01:20]} 21. Ng3
{[%clk 0:01:12]} h5 {[%clk 0:00:48]} 22. gxf5 {[%clk 0:00:51]} g4
{[%clk 0:00:47]} 23. f6 {[%clk 0:00:44]} gxh3 {[%clk 0:00:42]} 24. fxe7
{[%clk 0:00:44]} Re8 {[%clk 0:00:36]} 25. Rf6 {[%clk 0:00:36]} Rexe7
{[%clk 0:00:33]} 26. Raf1 {[%clk 0:00:37]} Kg8 {[%clk 0:00:31]} 27. Bg6
{[%clk 0:00:35]} Rxf6 {[%clk 0:00:23]} 28. exf6 {[%clk 0:00:35]} Rd7
{[%clk 0:00:24]} 29. Nxh5 {[%clk 0:00:29]} Nxh5 {[%clk 0:00:21]} 30. Bxh5
{[%clk 0:00:30]} Bf7 {[%clk 0:00:19]} 31. Bg4 {[%clk 0:00:31]} Rd8
{[%clk 0:00:18]} 32. Bxh3 {[%clk 0:00:32]} Re8 {[%clk 0:00:19]} 33. Rf3
{[%clk 0:00:30]} Bh5 {[%clk 0:00:20]} 34. Rg3+ {[%clk 0:00:31]} Kf7
{[%clk 0:00:21]} 35. Bd7 {[%clk 0:00:21]} Rd8 {[%clk 0:00:16]} 36. Bg4
{[%clk 0:00:15]} Bxg4 37. Rxg4 Kxf6 {[%clk 0:00:15]} 38. Kg2 {[%clk 0:00:18]} Re8
{[%clk 0:00:15]} 39. Kf3 {[%clk 0:00:20]} Rh8 {[%clk 0:00:10]} 40. h4
{[%clk 0:00:21]} Rh7 {[%clk 0:00:10]} 41. e4 {[%clk 0:00:22]} dxe4+
{[%clk 0:00:11]} 42. Rxe4 {[%clk 0:00:24]} Kf5 {[%clk 0:00:10]} 43. Re5+
{[%clk 0:00:24]} Kf6 {[%clk 0:00:12]} 44. h5 {[%clk 0:00:25]} b6 {[%clk 0:00:12]}
45. b4 {[%clk 0:00:24]} Rh8 {[%clk 0:00:10]} 46. Kf4 {[%clk 0:00:25]} Rd8
{[%clk 0:00:11]} 47. Ke4 {[%clk 0:00:24]} Rg8 {[%clk 0:00:11]} 48. b5
{[%clk 0:00:24]} cxb5 {[%clk 0:00:11]} 49. Rxb5 {[%clk 0:00:24]} Ke6
{[%clk 0:00:08]} 50. Re5+ {[%clk 0:00:25]} Kd6 {[%clk 0:00:09]} 51. Rd5+
{[%clk 0:00:21]} Ke6 {[%clk 0:00:10]} 52. Re5+ {[%clk 0:00:22]} Kd6
{[%clk 0:00:12]} 53. Rf5 {[%clk 0:00:23]} Rg4+ {[%clk 0:00:12]} 54. Rf4
{[%clk 0:00:24]} Rg2 {[%clk 0:00:11]} 55. Rh4 {[%clk 0:00:25]} Re2+
{[%clk 0:00:10]} 56. Kd3 {[%clk 0:00:24]} Re7 {[%clk 0:00:09]} 57. h6
{[%clk 0:00:25]} Rh7 {[%clk 0:00:10]} 58. Kc4 {[%clk 0:00:27]} Kc6
{[%clk 0:00:11]} 59. Rh5 {[%clk 0:00:20]} Kd6 {[%clk 0:00:13]} 60. Kd3
{[%clk 0:00:20]} Ke6 {[%clk 0:00:13]} 61. Ke4 {[%clk 0:00:21]} a6
{[%clk 0:00:14]} 62. d5+ {[%clk 0:00:22]} Kf6 {[%clk 0:00:08]} 63. Re5
{[%clk 0:00:21]} Kg6 {[%clk 0:00:08]} 64. Re6+ {[%clk 0:00:21]} Kf7
{[%clk 0:00:08]} 65. Rxb6 {[%clk 0:00:22]} Rh8 {[%clk 0:00:08]} 66. Kf5
{[%clk 0:00:22]} Ke7 {[%clk 0:00:08]} 67. Rxa6 {[%clk 0:00:18]} Kd7
{[%clk 0:00:09]} 68. Kg6 {[%clk 0:00:18]} Rg8+ {[%clk 0:00:11]} 69. Kf7
{[%clk 0:00:19]} Rg1 {[%clk 0:00:11]} 70. h7 {[%clk 0:00:20]} Rh1
{[%clk 0:00:11]} 71. Kg7 {[%clk 0:00:21]} 1-0

[Event "blitzwomeanteam"]
[Site "?"]
[Date "2016.10.07"]
[Round "2.2"]
[White "Mkrtchian, Lilit"]
[Black "Ambartsumova, Karina"]
[Result "0-1"]
[LiveChessVersion "1.4.4"]
[BlackElo "2293"]
[WhiteElo "2374"]

1. Nf3 {[%clk 0:03:02]} d5 {[%clk 0:03:02]} 2. g3 {[%clk 0:03:03]} Nf6
{[%clk 0:03:03]} 3. Bg2 {[%clk 0:03:05]} e6 {[%clk 0:03:03]} 4. O-O
{[%clk 0:03:04]} c5 {[%clk 0:03:04]} 5. c4 {[%clk 0:02:57]} Nc6 {[%clk 0:02:53]}
6. cxd5 {[%clk 0:02:56]} exd5 {[%clk 0:02:53]} 7. d4 {[%clk 0:02:55]} Be6
{[%clk 0:02:53]} 8. dxc5 {[%clk 0:02:03]} Bxc5 {[%clk 0:02:53]} 9. a3
{[%clk 0:02:05]} O-O {[%clk 0:02:38]} 10. b4 {[%clk 0:02:06]} Be7
{[%clk 0:02:38]} 11. Bb2 {[%clk 0:02:07]} a6 {[%clk 0:02:33]} 12. Nbd2
{[%clk 0:02:02]} Qd7 {[%clk 0:02:20]} 13. Nb3 {[%clk 0:01:57]} Rfd8
{[%clk 0:01:55]} 14. Rc1 {[%clk 0:01:56]} Bh3 {[%clk 0:01:40]} 15. Nc5
{[%clk 0:01:56]} Bxc5 {[%clk 0:01:37]} 16. Rxc5 {[%clk 0:01:32]} Bxg2
{[%clk 0:01:29]} 17. Kxg2 {[%clk 0:01:30]} Ne4 {[%clk 0:01:29]} 18. Rc2
{[%clk 0:01:31]} Rac8 {[%clk 0:01:01]} 19. Qd3 {[%clk 0:01:31]} Qe6
{[%clk 0:00:52]} 20. Rfc1 {[%clk 0:01:26]} Qd7 {[%clk 0:00:31]} 21. Ne5
{[%clk 0:01:04]} Nxe5 {[%clk 0:00:29]} 22. Bxe5 {[%clk 0:01:04]} f6
{[%clk 0:00:24]} 23. Rc7 {[%clk 0:00:49]} Rxc7 {[%clk 0:00:19]} 24. Rxc7
{[%clk 0:00:50]} Qe6 {[%clk 0:00:21]} 25. Bd4 {[%clk 0:00:50]} b5
{[%clk 0:00:21]} 26. Qc2 {[%clk 0:00:46]} Nd6 {[%clk 0:00:19]} 27. Rc6
{[%clk 0:00:44]} Qd7 {[%clk 0:00:18]} 28. Rc7 {[%clk 0:00:37]} Qe6
{[%clk 0:00:19]} 29. Rc6 {[%clk 0:00:39]} Qd7 {[%clk 0:00:20]} 30. Qc5
{[%clk 0:00:23]} Nc4 {[%clk 0:00:21]} 31. Rc7 {[%clk 0:00:20]} Qd6
{[%clk 0:00:13]} 32. Qxd6 {[%clk 0:00:12]} Rxd6 {[%clk 0:00:14]} 33. Bc5
{[%clk 0:00:10]} Rd8 {[%clk 0:00:16]} 34. Ra7 {[%clk 0:00:10]} Nxa3
{[%clk 0:00:16]} 35. Rxa6 {[%clk 0:00:12]} Nc4 {[%clk 0:00:17]} 36. Ra7
{[%clk 0:00:12]} d4 {[%clk 0:00:12]} 37. Rb7 {[%clk 0:00:13]} Na3
{[%clk 0:00:13]} 38. Ra7 {[%clk 0:00:14]} Nc4 {[%clk 0:00:15]} 39. Rb7
{[%clk 0:00:15]} Na3 {[%clk 0:00:16]} 40. Ra7 {[%clk 0:00:16]} Nc4
{[%clk 0:00:17]} 41. Rb7 {[%clk 0:00:16]} Na3 {[%clk 0:00:18]} 42. Ra7
{[%clk 0:00:16]} Nc4 {[%clk 0:00:19]} 43. Rb7 {[%clk 0:00:16]} Na3
{[%clk 0:00:20]} 44. Ra7 {[%clk 0:00:10]} Nc4 {[%clk 0:00:21]} 45. Rb7
{[%clk 0:00:09]} Na3 {[%clk 0:00:23]} 46. Kf3 {[%clk 0:00:08]} d3
{[%clk 0:00:23]} 47. exd3 {[%clk 0:00:08]} Rxd3+ {[%clk 0:00:25]} 48. Ke4
{[%clk 0:00:08]} Rd8 {[%clk 0:00:26]} 49. h4 {[%clk 0:00:08]} h5 {[%clk 0:00:26]}
50. Kf5 {[%clk 0:00:08]} Kh7 {[%clk 0:00:26]} 51. Ke4 {[%clk 0:00:08]} Re8+
{[%clk 0:00:27]} 52. Kf3 {[%clk 0:00:07]} Rd8 {[%clk 0:00:25]} 53. Be7
{[%clk 0:00:06]} Rd3+ {[%clk 0:00:23]} 54. Kg2 {[%clk 0:00:07]} Kg8
{[%clk 0:00:20]} 55. Bc5 {[%clk 0:00:06]} Rd8 {[%clk 0:00:19]} 56. Ra7
{[%clk 0:00:07]} Nc4 {[%clk 0:00:20]} 57. Rb7 {[%clk 0:00:08]} Na3
{[%clk 0:00:21]} 58. Ra7 {[%clk 0:00:09]} Nc4 {[%clk 0:00:22]} 59. Rb7
{[%clk 0:00:08]} Na3 {[%clk 0:00:24]} 60. Be3 {[%clk 0:00:08]} Rc8
{[%clk 0:00:19]} 61. Bc5 {[%clk 0:00:07]} Rd8 {[%clk 0:00:16]} 62. Kf3
{[%clk 0:00:09]} Re8 {[%clk 0:00:10]} 63. Kf4 {[%clk 0:00:10]} Re5
{[%clk 0:00:09]} 64. Rb8+ {[%clk 0:00:10]} Kh7 {[%clk 0:00:09]} 65. Rb7
{[%clk 0:00:11]} Kg8 {[%clk 0:00:11]} 66. Kf3 {[%clk 0:00:11]} Rd5
{[%clk 0:00:11]} 67. Ke4 {[%clk 0:00:08]} Re5+ {[%clk 0:00:13]} 68. Kf3
{[%clk 0:00:09]} Rd5 {[%clk 0:00:14]} 69. Ke4 {[%clk 0:00:09]} Re5+
{[%clk 0:00:15]} 70. Kf3 {[%clk 0:00:09]} Rd5 {[%clk 0:00:16]} 71. Rb8+
{[%clk 0:00:06]} Kh7 {[%clk 0:00:17]} 72. Rb7 {[%clk 0:00:07]} Kg8
{[%clk 0:00:19]} 73. Kg2 {[%clk 0:00:07]} Re5 {[%clk 0:00:18]} 74. Kf3
{[%clk 0:00:09]} Rd5 {[%clk 0:00:20]} 75. Be3 {[%clk 0:00:07]} Rf5+
{[%clk 0:00:15]} 76. Ke4 {[%clk 0:00:08]} Re5+ {[%clk 0:00:15]} 77. Kd4
{[%clk 0:00:08]} Nc2+ {[%clk 0:00:16]} 78. Kd3 {[%clk 0:00:05]} Nxb4+
{[%clk 0:00:17]} 79. Kd4 {[%clk 0:00:04]} Nc2+ {[%clk 0:00:18]} 80. Kd3
{[%clk 0:00:06]} Nxe3 81. fxe3 {[%clk 0:00:07]} Kh7 {[%clk 0:00:20]} 82. Kd4
{[%clk 0:00:07]} Kh6 {[%clk 0:00:20]} 83. Rb8 {[%clk 0:00:08]} Kh7
{[%clk 0:00:21]} 84. Rb7 {[%clk 0:00:09]} Kg6 {[%clk 0:00:19]} 85. Rc7
{[%clk 0:00:10]} Kh6 {[%clk 0:00:17]} 86. Rb7 {[%clk 0:00:11]} g5
{[%clk 0:00:15]} 87. Rb6 {[%clk 0:00:12]} Kg6 {[%clk 0:00:16]} 88. hxg5
{[%clk 0:00:10]} Kxg5 {[%clk 0:00:15]} 89. e4 {[%clk 0:00:10]} Kg6
{[%clk 0:00:11]} 90. Rb8 {[%clk 0:00:11]} Kg5 {[%clk 0:00:08]} 91. Rg8+
{[%clk 0:00:11]} Kh6 {[%clk 0:00:09]} 92. Kd3 {[%clk 0:00:09]} Rg5
{[%clk 0:00:05]} 93. Rf8 {[%clk 0:00:10]} Kg7 {[%clk 0:00:06]} 94. Rb8
{[%clk 0:00:10]} Rxg3+ {[%clk 0:00:08]} 95. Ke2 {[%clk 0:00:11]} Rb3
{[%clk 0:00:07]} 96. Kd2 {[%clk 0:00:11]} Kg6 {[%clk 0:00:07]} 97. Kc2
{[%clk 0:00:13]} Rb4 {[%clk 0:00:09]} 98. Kc3 {[%clk 0:00:14]} Rxe4
{[%clk 0:00:10]} 99. Rxb5 {[%clk 0:00:15]} Re5 {[%clk 0:00:11]} 100. Rb8
{[%clk 0:00:16]} Kg5 {[%clk 0:00:13]} 101. Kd4 {[%clk 0:00:18]} h4
{[%clk 0:00:13]} 102. Rg8+ {[%clk 0:00:19]} Kf5 {[%clk 0:00:14]} 103. Rh8
{[%clk 0:00:20]} Kg4 {[%clk 0:00:16]} 104. Rf8 {[%clk 0:00:21]} Re6
{[%clk 0:00:16]} 105. Kd5 {[%clk 0:00:23]} Re5+ {[%clk 0:00:17]} 106. Kd4
{[%clk 0:00:23]} Rf5 {[%clk 0:00:16]} 107. Ke3 {[%clk 0:00:24]} h3
{[%clk 0:00:15]} 108. Rg8+ {[%clk 0:00:25]} Rg5 {[%clk 0:00:17]} 109. Rf8
{[%clk 0:00:26]} Kg3 {[%clk 0:00:16]} 110. Rxf6 {[%clk 0:00:25]} h2
{[%clk 0:00:16]} 111. Rh6 {[%clk 0:00:25]} Kg2 {[%clk 0:00:17]} 0-1